Priebežné vyhodnotenie plnenia Národnej politiky pre elektronické komunikácie za rok 2006

Harmonizácia právneho rámca. Štátna regulácia. Rozvoj súťaže. Univerzálna služba a ochrana práv koncových užívateľov. Hospodárne využívanie frekvenčného spektra. Bezpečné komunikácie. Širokopásmový prístup. Digitálne televízne a rozhlasové vysielanie. Európsky program GALILEO. Výskum a technický roz...

Descrizione completa

Salvato in:
Dettagli Bibliografici
Natura: Capitolo di libro
Lingua:slovacco
Soggetti:
Tags: Aggiungi Tag
Nessun Tag, puoi essere il primo ad aggiungerne!!

MARC

LEADER 00000naa$a2200000$$$4500
001 0058532
005 20231106073317.4
041 0 |a slo 
044 |a SK 
245 1 0 |a Priebežné vyhodnotenie plnenia Národnej politiky pre elektronické komunikácie za rok 2006 
520 |a Harmonizácia právneho rámca. Štátna regulácia. Rozvoj súťaže. Univerzálna služba a ochrana práv koncových užívateľov. Hospodárne využívanie frekvenčného spektra. Bezpečné komunikácie. Širokopásmový prístup. Digitálne televízne a rozhlasové vysielanie. Európsky program GALILEO. Výskum a technický rozvoj v oblasti elektronických komunikácií. Medzinárodná spolupráca, spolupráca s medzinárodnými organizáciami na vládnej úrovni. V najbližšom období je dôležité zamerať sa na ďalší rozvoj súťaže na trhu, a to v súvislosti s procesom uvoľnenia účastníckych vedení a na poporu rastu nových technológií, hlavne pre oblasť digitálneho vysielania a širokopásmového prístupu. 
610 2 0 |a komunikácia elektronická 
610 2 0 |a politika 
610 2 0 |a Slovensko 
610 2 0 |a 2006